00605nam a2200193Ia 4500008004100000050001200041050001600053100002600069245011200095245002500207260003100232260001000263260001000273300001600283300002000299300001100319500005600330650002500386150520s9999 xx 000 0 und d aBF 575  b.Si366 2014 aSiano, Bryan Joseph.  aCommon stressors of third year BS major in medical technology students to south-seed LPDH college (SSLC) /  cBryan Joseph Siano . aLas Piñas, Philippines : bSISC, c2014. a40 pages :  billustrations ; c28 cm. aIncludes bibliographical references and appendices. aPsychological Stress